000
00385nam a22001697a 4500
003
MPLRDC
005
20220104124724.0
008
210129b ||||| |||| 00| 0 eng d
082
_a
719 ZTC
100
_a
周天彻
245
_a
世界风物
_c
250
_a
初版
260
_a
_b
香港中流出版社
_c
1976
300
_b
平
650
_a
世界游记
942
_c
BK
_o
719 ZTC
999
_c
21631
_d
21621